विश्वकर्मप्रकाश (Record no. 300572)

MARC details
000 -LEADER
fixed length control field 01182nam a2200277Ia 4500
003 - CONTROL NUMBER IDENTIFIER
control field OSt
005 - DATE AND TIME OF LATEST TRANSACTION
control field 20220923211533.0
008 - FIXED-LENGTH DATA ELEMENTS--GENERAL INFORMATION
fixed length control field 220922b |||||||| |||| 00| 0 san d
020 ## - INTERNATIONAL STANDARD BOOK NUMBER
International Standard Book Number 9789382443728 (hbk)
037 ## - SOURCE OF ACQUISITION
Terms of availability Textual
040 ## - CATALOGING SOURCE
Original cataloging agency ARTS
Transcribing agency ARTS
Language of cataloging san
041 ## - LANGUAGE CODE
Source of code san
Language code of text/sound track or separate title san
100 ## - MAIN ENTRY--PERSONAL NAME
Personal name कात्यायन, अभय, संपा.
245 #0 - TITLE STATEMENT
Title विश्वकर्मप्रकाश
Remainder of title वास्तुशास्त्रम्
246 ## - VARYING FORM OF TITLE
Title proper/short title Vishvakarmaprakāsha: vāstushāstram
260 ## - PUBLICATION, DISTRIBUTION, ETC.
Place of publication, distribution, etc. वाराणसी
Name of publisher, distributor, etc. चौखम्बा सुरभारती प्रकाशन
Date of publication, distribution, etc. 2013
300 ## - PHYSICAL DESCRIPTION
Extent 304पृ0
Dimensions cm.
490 ## - SERIES STATEMENT
Series statement चौखम्बा सुरभारती ग्रन्थमाला; 563
650 ## - SUBJECT ADDED ENTRY--TOPICAL TERM
Topical term or geographic name entry element ल्थ्ल्त् क्ल्ज्ञ
9 (RLIN) 156276
942 ## - ADDED ENTRY ELEMENTS (KOHA)
Classification part NA44,2:3(Delta:864), 152Q3
Koha item type Textual
Source of classification or shelving scheme Colon Classification (CC)
Holdings
Withdrawn status Lost status Damaged status Not for loan Home library Current library Date acquired Source of acquisition Cost, normal purchase price Total Checkouts Full call number Barcode Date due Date last seen Date last checked out Cost, replacement price Price effective from Koha item type
        Arts Library Arts Library 2022-09-23 708/1, 18/03/2014, Vidyanidhi Prakashan 500.00 1 NA44,2:3(Delta:864) 152Q3 AL1569935 2026-01-15 2025-12-16 2025-12-16 500.00 2022-09-23 Textual
Copyright @ Delhi University Library System